[Event "BAN-chT Premier"]
[Site "Dhaka"]
[Date "2025.04.27"]
[Round "4.2"]
[White "Raju, Ahmed"]
[Black "Tashriq Saihan, Shan"]
[Result "0-1"]
[WhiteElo "1927"]
[BlackElo "1970"]
[PlyCount "132"]
[EventDate "2025.04.24"]
[EventType "team-tourn"]
[EventRounds "9"]
[EventCountry "BAN"]
[SourceTitle "CB20_2025"]
[SourceDate "2025.05.14"]
[SourceVersion "1"]
[SourceVersionDate "2025.05.14"]
[SourceQuality "1"]
[WhiteTeam "Bangladesh Police"]
[BlackTeam "Uttara Central CC"]
[WhiteTeamCountry "BAN"]
[BlackTeamCountry "BAN"]

1. e4 e5 2. Nf3 Nc6 3. Bc4 Nf6 4. d3 Bc5 5. a3 d6 6. h3 h6 7. Nc3 a6 8. Be3 Ba7 9. Ba2 Be6 10. Bxa7 Nxa7 11. d4 Bxa2 12. Rxa2 Qe7 13. 0-0 0-0 14. Ra1 Nc6 15. d5 Nb8 16. Nh4 Nxe4 17. Nf5 Qf6 18. Nxh6+ Qxh6 19. Nxe4 f5 20. Ng3 Nd7 21. Qd3 Qg5 22. Qe3 Qg6 23. f4 e4 24. b4 Nb6 25. Qb3 Kh8 26. Ne2 Qf7 27. c4 c6 28. Rfd1 cxd5 29. cxd5 Rac8 30. a4 Rc7 31. a5 Nd7 32. Rac1 Rfc8 33. Rxc7 Rxc7 34. Nd4 Qf6 35. Ne6 Qc3 36. Qa4 Qc2 37. Qa1 Nf6 38. Nxc7 Qxc7 39. Rc1 Qd7 40. Qd4 Kh7 41. Kh2 Qf7 42. Rd1 Qh5 43. Kg1 Qe2 44. Qd2 Qc4 45. Rc1 Qb5 46. Qf2 Qd7 47. Qd4 Qf7 48. Qc4 Qg6 49. b5 Qg3 50. bxa6 Qe3+ 51. Kh1 bxa6 52. Rb1 Nh5 53. Qc1 Qf2 54. Qc8 Ng3+ 55. Kh2 Qxf4 56. Qxa6 e3 57. Qd3 Ne4+ 58. Kg1 Qf2+ 59. Kh2 e2 60. a6 e1Q 61. Rxe1 Qxe1 62. Qa3 Nd2 63. a7 Nf1+ 64. Kg1 Ng3+ 65. Kh2 f4 66. Qd3+ g6 0-1

[Event "Dhaka Walton op"]
[Site "Dhaka"]
[Date "2022.04.09"]
[Round "6"]
[White "Jabed, Al Azad"]
[Black "Raju, Ahmed"]
[Result "1-0"]
[WhiteElo "2060"]
[BlackElo "1882"]
[PlyCount "65"]
[EventDate "2022.04.04"]
[EventType "swiss"]
[EventRounds "9"]
[EventCountry "BAN"]
[SourceTitle "CBM 207 Extra"]
[Source "ChessBase"]
[SourceDate "2022.05.31"]
[SourceVersion "1"]
[SourceVersionDate "2022.05.31"]
[SourceQuality "1"]

1. e4 e5 2. Nf3 Nc6 3. Bb5 a6 4. Ba4 Nf6 5. 0-0 b5 6. Bb3 Be7 7. Re1 d6 8. c3 Na5 9. Bc2 c5 10. d4 Qc7 11. a4 Bg4 12. axb5 axb5 13. b4 Bxf3 14. gxf3 cxb4 15. cxb4 Rc8 16. bxa5 Qxc2 17. Qxc2 Rxc2 18. Na3 Rc3 19. a6 Kd7 20. a7 b4 21. Nb5 Rcc8 22. d5 Ra8 23. Be3 Rhc8 24. Reb1 Bd8 25. Rxb4 Ne8 26. Rb3 Nc7 27. Nxc7 Bxc7 28. Rb4 f6 29. Rb7 Kd8 30. Ra2 g5 31. Rxc7 Rxc7 32. Bb6 Raxa7 33. Rxa7 1-0